| 000 | 00827nam a22001937a 4500 | ||
|---|---|---|---|
| 003 | BD-DhUL | ||
| 005 | 20160818171834.0 | ||
| 008 | 160817b1966 bg ||||| |||| 00| 0 ben d | ||
| 040 |
_cBD-DhUL _aBD-DhUL |
||
| 082 |
_a320.4 _bPAC |
||
| 100 | 1 | _aটমাস্ পেন | |
| 245 |
_aকমনসেন্স ও অন্যান্য রাজনৈতিক রচনাবলী / _cটমাস্ পেন, শাসসুন নাহার |
||
| 260 |
_aঢাকা : _bখোশরোজ কিতাব মহল, _c১৯৬৬। |
||
| 300 |
_a২১৩ পৃ. : _c২১ সে. মি. _bচিত্র ; |
||
| 504 | _aনির্ঘন্ট ও গ্রন্থপজ্ঞীগত তথ্য সংবলিত | ||
| 650 | _vরাজনীতি | ||
| 651 | 1 | _2Politics | |
| 942 |
_2ddc _cBK |
||
| 999 |
_c99586 _d99586 |
||